000 00482nam a2200181Ia 4500
005 20250508160052.0
008 008 250505s9999 xx 000 0 eng d
037 _aTextual
040 _aFEDL
_beng
_cFEDL
041 _aeng
_2eng
084 _a378.73, FOE
_qFEDL
100 _aFoerster Norman
245 0 _aAmerican state university: Its relation to democracy
260 _c1937
300 _a287p.
942 _cTEXL
_h378.73, FOE
999 _c1361494
_d1361494